Statistics for Biggest World Cities by Letter - T

Click here to take the quiz!

General Stats

  • This quiz has been taken 62,390 times
    (16,878 since last reset)
  • The average score is 7 of 11

Answer Stats

Country Population City % Correct
Japan40.2 milTokyo
100%
Canada7.35 milToronto
97%
Iran15.0 milTehran
94%
Tunisia2.63 milTunis
88%
Taiwan9.10 milTaipei
87%
Israel2.65 milTel Aviv
84%
Uzbekistan3.18 milTashkent
60%
China13.2 milTianjin
49%
United States4.30 milTampa
47%
China4.13 milTaiyuan
10%
China2.80 milTangshan
6%

Score Distribution

Percentile by Number Answered

Percent of People with Each Score

Your Score History

You have not taken this quiz since the last reset